| 000 | 00793nam a22002297a 4500 | ||
|---|---|---|---|
| 003 | OSt | ||
| 005 | 20250822060901.0 | ||
| 008 | 250822b |||||||| |||| 00| 0 eng d | ||
| 020 | _a978-1-265-23942-8 | ||
| 040 |
_aDWC-Main Lib _cOC |
||
| 082 | _aCirc. 616.858 W579a 2023 | ||
| 100 | _aWhitbourne, Susan Krauss | ||
| 245 |
_aAbnormal psychology : _bclinical perspectives on psychological disorders/ _cusan Krauss Whitbourne |
||
| 250 | _a10th edition | ||
| 260 |
_aN.Y : _bMcGraw Hill Education, _cc2023. |
||
| 300 |
_axxx, 371 pages : _billustrations ; _c28 cm. |
||
| 504 | _aIncludes bibliographical references, index and glossary. | ||
| 650 | _a1. Abnormal psychology. | ||
| 650 | _a2. Psychology. | ||
| 650 | _a3. Mental psychology. | ||
| 942 |
_2ddc _cBK-CIRC _e10th edition _kCirc. _n0 |
||
| 999 |
_c4189 _d4189 |
||